000 00639nam a2200241 i 4500
001 C2-0319377
003 PPAK
005 20180728115110.0
008 121030s2011 nyua|||| ||||| | eng d
020 _a9781907563348
040 _aPPAK
_beng
_cPPAK
_erda
082 0 4 _a745.5
_223
090 0 0 _a745.5
_bMYF
_dR
245 0 0 _aMy first craftbook
264 1 _aNew York :
_bCico Kidz ,
_c2011
300 _a128 pages :
_bcolour illustrations ;
_c28 cm
336 _2rdacontent
_atext
337 _2rdamedia
_aunmediated
338 _2rdacarrier
_avolume
650 1 0 _aHandicraft
700 1 _aAkass, Susan,
_eeditor
942 _ddc
_cB
999 _c120204
_d120204